000 00557nam a2200181Ia 4500
008 100917s9999 xx 000 0 und d
082 _b61143
100 _aपंडित मुकुंद
245 _aभाऊ बेलदाराची बारी
260 _bवैजयंती चव्हाण
_c---
300 _a132
365 _b7
520 _aकथा
630 _aभाऊ बेलदाराची बारी
650 _aकथा
730 _aभाऊ बेलदाराची बारी
942 _cBOOK
999 _c666537
_d666534